000 00616nam a22001937a 4500
005 20140307110513.0
010 _aENG-108994
020 _a9789351430131
_c795.00
035 _aEN-92527
037 _bDBAD/PUB
082 _a338.520954
100 _aVasan,M.S.
245 _aTransfer pricing audit practices in India /
_cby M. S. Vasan [and] Vijay Iyer
_b
260 _aGurgaon
_bLexis Nexis
_c2014
270 _a14th floor, Building No 10, Tower-B, DLF Cyber City, Phase-ll,
_bGurgaon
_e122002
300 _axxx,341p.
_c24cm(pbk)
700 _aIyer, Vijay
942 _2ddc
_cEN
_mVAS
_h338.520954
999 _c81398
_d81398